000 00427nam a2200181Ia 4500
001 17732
005 20260306171538.0
008 260306s9999||||xx |||||||||||||| ||und||
041 _aESP
082 _a658.15
_bR84 2010
100 _aRoss, Stephen A.
_eAUT
245 0 _aFinanzas corporativas
260 _c2012
300 _aviii, 991 páginas :
_c27 cm.
650 _aGEN
654 _aCAN
942 _cLIB
_dJUS
_fJUS
_2ddc
_n
999 _c17732
_d17732